00660nam a2200193Ia 4500001002100000003000900021008004100030040002300071041001300094100001900107245009400126250001500220260003000235300001900265490002800284500002100312501012400333520000900457963-BOR ed pr (7976)IT-MiSPE171229s9999||||xx |||||||||||||| ||und|| aIT-MiSPEcIT-MiSPE aITALIANO aEdoardo Borra  0aPrologo di un conflittobColloqui col segretario del Negus (dicembre 1934 - ottobre 1935) a1a ed. (v) aMilanobEd. Paolinec1965 a278 p. c21 cm aMemorie, diari, lettere aEtiopia - Storia aEdizioni San Paolo srl - Piazza Soncino, 5 - 20092 CINISELLO BALSAMO (MI) (non commercial uses only) ® Copyright 2018 aTav.